Vanesamía / (Record no. 192643)

MARC details
000 -LEADER
campo de control de longitud fija 01026nam a2200325 i 4500
001 - NÚMERO DE CONTROL
campo de control 192643
003 - IDENTIFICADOR DE NÚMERO DE CONTROL
campo de control SpMaBN
005 - FECHA Y HORA DE LA ÚLTIMA TRANSACCIÓN
campo de control 20250804062651.0
008 - DATOS DE LONGITUD FIJA--INFORMACIÓN GENERAL
campo de control de longitud fija 230517s2017 sp | |||| 000 f spa
017 ## - NÚMERO DE COPYRIGHT O DE DEPÓSITO LEGAL
Número de copyright o de depósito legal M 32432-2017
Agencia que asigna Oficina Depósito Legal Madrid
020 ## - NÚMERO INTERNACIONAL ESTÁNDAR DEL LIBRO
Número Internacional Estándar del Libro 9788494793127
035 ## - NÚMERO DE CONTROL DEL SISTEMA
Número de control de sistema (OCoLC)1142924035
040 ## - FUENTE DE CATALOGACIÓN
Centro catalogador/agencia de origen SpMaBN
Lengua de catalogación spa
Centro/agencia transcriptor ES-MaACL
Normas de descripción rda
080 ## - NÚMERO DE LA CLASIFICACIÓN DECIMAL UNIVERSAL
Número de la Clasificación Decimal Universal 821.134.2-31”19”
100 1# - ENTRADA PRINCIPAL--NOMBRE DE PERSONA
Nombre de persona Merchán, Alberto
Término indicativo de función/relación Autor
9 (RLIN) 176455
245 10 - MENCIÓN DEL TÍTULO
Título Vanesamía /
Mención de responsabilidad, etc. Alberto Merchán
250 ## - MENCION DE EDICION
Mención de edición Segunda edición, diciembre 2017
264 #1 - PRODUCCIÓN, PUBLICACIÓN, DISTRIBUCIÓN, FABRICACIÓN Y COPYRIGHT
Producción, publicación, distribución, fabricación y copyright [Madrid] :
Nombre del de productor, editor, distribuidor, fabricante Editorum,
Fecha de producción, publicación, distribución, fabricación o copyright 2017
300 ## - DESCRIPCIÓN FÍSICA
Extensión 490 páginas ;
Dimensiones 21 cm
336 ## - TIPO DE CONTENIDO
Término de tipo de contenido Texto
Fuente rdacontent
337 ## - TIPO DE MEDIO
Nombre/término del tipo de medio sin mediación
Fuente rdamedia
338 ## - TIPO DE SOPORTE
Nombre/término del tipo de soporte volumen
Fuente rdacarrier
500 ## - NOTA GENERAL
Nota general Índice
655 #0 - TERMINO DE INDIZACIÓN--GENERO/FORMA
Datos o término principal de género/forma Novelas
9 (RLIN) 234319
852 ## - LOCALIZACIÓN
Ubicación ES-MaACL
Sublocalización o colección R.152536
Número de control de estantería N-8271
Encuadernación Donación: Alberto Merchán
Ubicación en estantería Depósito J
itemnumber 199939
903 ## - NOMBRE PERSONAL DE DONANTE
9 176455
a Merchán, Alberto
e Donante
942 ## - ELEMENTOS DE ENTRADA SECUNDARIOS (KOHA)
Suprimir en OPAC No
Tipo de ítem Koha Libro impreso
Holdings
Estatus retirado Estado de pérdida Fuente del sistema de clasificación o colocación Estado de daño No para préstamo Biblioteca de origen Biblioteca actual Ubicación en estantería Fecha de adquisición Fuente de adquisición Total de préstamos Signatura topográfica completa Código de barras Visto por última vez Tipo de ítem Koha
    Clasificación decimal universal     Biblioteca del Ateneo de Madrid Biblioteca del Ateneo de Madrid Depósito J 13/03/2019 Donación   N-8271 101205231 08/05/2023 Libro impreso